|
|
|
|
| LEADER |
00000nab a2200000 a 4500 |
| 001 |
vtls000581641 |
| 003 |
SK-MaSNL |
| 005 |
20260304090114.0 |
| 008 |
250425c1995 xo 0 slo |
| 015 |
|
|
|a SNBRB19rr/mm-uuuuu
|
| 035 |
|
|
|a CL0581779
|
| 035 |
|
|
|a urn:nbn:sk:snk-abak9r
|
| 035 |
|
|
|a (urnnbn)urn:nbn:sk:snk:ar-a0a7rz
|
| 035 |
|
|
|a (uuid)cd5b6a86-aec5-4c8c-bceb-5f22d315333d
|
| 040 |
|
|
|a SNKBUCL
|b slo
|c SNKBUCL
|e AACR2
|
| 041 |
0 |
|
|a slo
|
| 044 |
|
|
|a xo
|c SK
|
| 080 |
|
|
|a 66.023-98:531.787
|2 1981
|
| 080 |
|
|
|a 531.787
|2 1981
|
| 245 |
0 |
0 |
|a Pressure drop determination in gas-solid-solid trickle flow reactor
|c Z. J. Predojević ... [et al.]
|
| 300 |
|
|
|b Obr. 5, tab. 1, lit. 10 zázn. v angl.
|
| 650 |
0 |
7 |
|a reaktory prietokové
|2 snkbucl
|9 1363793
|
| 650 |
0 |
7 |
|a tlak
|2 snkbucl
|9 23196
|
| 655 |
|
7 |
|a články z novín a časopisov
|2 snkbucl
|9 267496
|
| 700 |
1 |
|
|a Predojević, Z. J.
|4 aut
|9 1380596
|
| 700 |
1 |
|
|a Škrbić, B. D.
|4 aut
|9 1380597
|
| 700 |
1 |
|
|a Petrović, D. Đ.
|4 aut
|9 1380598
|
| 700 |
1 |
|
|a Duduković, A.
|4 aut
|9 1380599
|
| 773 |
0 |
|
|t Petroleum and coal. Ropa a uhlie
|g Roč. 37, č. 4 (1995), s. 53-57
|x 1335-1141
|
| 850 |
|
|
|a Slovenská národná knižnica
|
| 852 |
|
|
|a Slovenská národná knižnica
|
| 954 |
|
|
|a odborná, vedecká literatúra pôvodná (slovenská)
|2 lita
|
| 958 |
|
|
|a article14
|
| 958 |
|
|
|a OND
|
| 958 |
|
|
|a RK
|
| 958 |
|
|
|a NB
|
| 958 |
|
|
|a YU
|
| 958 |
|
|
|a EUIPO
|
| 992 |
|
|
|a RBX
|
| 999 |
|
|
|c 2810320
|d 2812250
|